000
00243nam a2200097Ia 4500
001
760139
005
20250826165143.0
008
250824s9999 xx 000 0 und d
245
0
_a
İKİ DÜNYA ARASINDA
_c
CORCI ZEYDAN
260
_b
PANAMA YAYINLARI
999
_c
760139
_d
760139